000 00387cam a2200157ua 4500
003 OSt
008 250609b |||||||| |||| 00| 0 eng d
020 _a0 85312 725 5
041 _aeng
082 _a624.171
_bSPI/ IN
100 _aSpillers, W R .
_97536
245 _aIntroduction to structures /
260 _a :
_bEllis Herwood limited ,
_c1985.
300 _a262 ; .
942 _cBK
999 _c1870
_d1870